| 000 | 00758nam a2200217Ia 4500 | ||
|---|---|---|---|
| 003 | Ost | ||
| 005 | 20260507075111.0 | ||
| 008 | 260507s9999||||xx |||||||||||||| ||und|| | ||
| 040 | _cfsecg | ||
| 041 | _aara | ||
| 082 | _a330 | ||
| 100 |
_aمروة، فاطمة _eمؤلف |
||
| 245 | 0 |
_aالفنون التجارية : _bبنوك-تأمين-بورصة-مراسلات / _c فاطمة مروة |
|
| 260 |
_aبيروت: _bدار النهضة العربية للطباعة والنشر, _c1994 |
||
| 300 |
_a129 صفحة؛ _bإيضاحات ؛ _c24 سم |
||
| 504 | _aببليوغرافيا:ص.129 | ||
| 520 | _aالبنوك،التأمين،البورصة،المراسلات | ||
| 653 | _aالبنوك | ||
| 653 | _aالبورصات | ||
| 942 | _cكتاب | ||
| 999 |
_c42905 _d42905 |
||